[Event "DVM U16 2021"]
[Site "Kiel GER"]
[Date "2022.07.23"]
[Round "1"]
[White "Miller, Lysander"]
[Black "Leuthier, Richard"]
[Result "1-0"]
[Termination "normal"]
[Board "10.3"]
[WhiteElo "1625"]
[BlackElo "1145"]
[WhiteClock "01:24:43"]
[BlackClock "00:52:27"]
[WhiteTeam "SK Freiburg-Zähringen 1887 e.V."]
[BlackTeam "SV Grün-Weiß Niederwiesa"]
[PlyCount "35"]
[WhiteFideId "34628398"]
[BlackFideId "34628363"]
[EventCountry "GER"]
[EventRounds "7"]
[EventType "team-swiss"]
[EventDate "2022.07.22"]

1. e4 {[%clk 01:30:56]} {[%emt 00:00:02]} d5 {[%clk 01:30:47]} {[%emt
00:00:14]} 2. exd5 {[%clk 01:31:21]} {[%emt 00:00:06]} Nf6 {[%clk 01:31:05]}
{[%emt 00:00:11]} 3. Nc3 {[%clk 01:31:40]} {[%emt 00:00:11]} Nxd5 {[%clk
01:31:19]} {[%emt 00:00:16]} 4. Nxd5 {[%clk 01:32:03]} {[%emt 00:00:07]} Qxd5
{[%clk 01:31:38]} {[%emt 00:00:11]} 5. Nf3 {[%clk 01:32:24]} {[%emt 00:00:08]}
Nc6 {[%clk 01:31:06]} {[%emt 00:01:02]} 6. c3 {[%clk 01:32:39]} {[%emt
00:00:16]} Bg4 {[%clk 01:27:37]} {[%emt 00:03:59]} 7. Be2 {[%clk 01:32:31]}
{[%emt 00:00:38]} f6 {[%clk 01:19:05]} {[%emt 00:09:01]} 8. O-O {[%clk
01:32:43]} {[%emt 00:00:19]} O-O-O {[%clk 01:18:31]} {[%emt 00:01:04]} 9. d4
{[%clk 01:32:33]} {[%emt 00:00:40]} e5 {[%clk 01:14:24]} {[%emt 00:04:37]} 10.
c4 {[%clk 01:30:24]} {[%emt 00:02:39]} Qf7 {[%clk 01:09:36]} {[%emt 00:05:17]}
11. Nxe5 {[%clk 01:27:52]} {[%emt 00:03:02]} Nxe5 {[%clk 01:06:13]} {[%emt
00:03:54]} 12. Bxg4+ {[%clk 01:28:14]} {[%emt 00:00:08]} f5 {[%clk 01:04:39]}
{[%emt 00:02:04]} 13. Be2 {[%clk 01:26:01]} {[%emt 00:02:43]} Nxc4 {[%clk
01:03:42]} {[%emt 00:01:26]} 14. Qa4 {[%clk 01:26:08]} {[%emt 00:00:23]} Nb6
{[%clk 00:58:45]} {[%emt 00:05:28]} 15. Qxa7 {[%clk 01:25:21]} {[%emt
00:01:17]} Bd6 {[%clk 00:57:44]} {[%emt 00:01:30]} 16. Bg5 {[%clk 01:25:00]}
{[%emt 00:00:52]} Rde8 {[%clk 00:54:35]} {[%emt 00:03:39]} 17. Bf3 {[%clk
01:24:37]} {[%emt 00:00:52]} c6 {[%clk 00:52:27]} {[%emt 00:02:38]} 18. Qxb6
{[%clk 01:24:43]} {[%emt 00:00:25]} 1-0

[Event "DVM U16 2021"]
[Site "Kiel GER"]
[Date "2022.07.23"]
[Round "1"]
[White "Haubold, Henry"]
[Black "Trimpin, Fynn"]
[Result "0-1"]
[Termination "normal"]
[Board "10.4"]
[WhiteElo "963"]
[BlackElo "1437"]
[WhiteClock "00:53:31"]
[BlackClock "00:51:42"]
[WhiteTeam "SV Grün-Weiß Niederwiesa"]
[BlackTeam "SK Freiburg-Zähringen 1887 e.V."]
[PlyCount "60"]
[WhiteFideId "34628355"]
[BlackFideId "16255500"]
[EventCountry "GER"]
[EventRounds "7"]
[EventType "team-swiss"]
[EventDate "2022.07.22"]

1. c4 {[%clk 01:30:58]} {[%emt 00:00:01]} e5 {[%clk 01:30:39]} {[%emt
00:00:21]} 2. d3 {[%clk 01:31:05]} {[%emt 00:00:15]} Nf6 {[%clk 01:31:05]}
{[%emt 00:00:12]} 3. Nf3 {[%clk 01:31:25]} {[%emt 00:00:10]} d6 {[%clk
01:31:24]} {[%emt 00:00:11]} 4. g3 {[%clk 01:31:22]} {[%emt 00:00:25]} Nbd7
{[%clk 01:31:47]} {[%emt 00:00:15]} 5. Bg2 {[%clk 01:31:43]} {[%emt 00:00:09]}
g6 {[%clk 01:31:41]} {[%emt 00:00:36]} 6. Be3 {[%clk 01:31:12]} {[%emt
00:00:57]} Bg7 {[%clk 01:31:10]} {[%emt 00:01:05]} 7. d4 {[%clk 01:30:41]}
{[%emt 00:01:01]} O-O {[%clk 01:31:08]} {[%emt 00:00:33]} 8. O-O {[%clk
01:30:56]} {[%emt 00:00:14]} c6 {[%clk 01:26:37]} {[%emt 00:05:01]} 9. Nbd2
{[%clk 01:27:47]} {[%emt 00:03:39]} Re8 {[%clk 01:24:23]} {[%emt 00:02:44]} 10.
c5 {[%clk 01:25:59]} {[%emt 00:02:12]} d5 {[%clk 01:23:35]} {[%emt 00:01:23]}
11. Qc2 {[%clk 01:24:02]} {[%emt 00:02:27]} h6 {[%clk 01:19:12]} {[%emt
00:04:54]} 12. Rad1 {[%clk 01:21:06]} {[%emt 00:03:23]} Nh7 {[%clk 01:15:34]}
{[%emt 00:04:10]} 13. Nb3 {[%clk 01:17:04]} {[%emt 00:04:32]} e4 {[%clk
01:13:56]} {[%emt 00:02:08]} 14. Nfd2 {[%clk 01:16:03]} {[%emt 00:01:32]} f5
{[%clk 01:13:16]} {[%emt 00:01:09]} 15. Bf4 {[%clk 01:13:54]} {[%emt 00:02:39]}
h5 {[%clk 01:10:11]} {[%emt 00:03:35]} 16. f3 {[%clk 01:11:19]} {[%emt
00:03:06]} g5 {[%clk 01:04:49]} {[%emt 00:05:51]} 17. Bd6 {[%clk 01:10:00]}
{[%emt 00:01:49]} g4 {[%clk 01:01:20]} {[%emt 00:03:59]} 18. Rde1 {[%clk
01:06:25]} {[%emt 00:04:05]} Bh6 {[%clk 00:56:26]} {[%emt 00:05:24]} 19. Bf4
{[%clk 01:00:43]} {[%emt 00:06:13]} Bxf4 {[%clk 00:55:43]} {[%emt 00:01:13]}
20. gxf4 {[%clk 01:01:01]} {[%emt 00:00:12]} h4 {[%clk 00:55:39]} {[%emt
00:00:34]} 21. fxg4 {[%clk 01:01:02]} {[%emt 00:00:28]} fxg4 {[%clk 00:55:48]}
{[%emt 00:00:22]} 22. h3 {[%clk 01:00:22]} {[%emt 00:01:10]} Ndf6 {[%clk
00:53:39]} {[%emt 00:02:38]} 23. f5 {[%clk 00:59:24]} {[%emt 00:01:29]} Qc7
{[%clk 00:53:06]} {[%emt 00:01:02]} 24. Rf2 {[%clk 00:56:43]} {[%emt 00:03:05]}
gxh3 {[%clk 00:52:28]} {[%emt 00:01:14]} 25. Bxh3 {[%clk 00:56:24]} {[%emt
00:00:49]} Re7 {[%clk 00:50:48]} {[%emt 00:02:10]} 26. Rg2+ {[%clk 00:54:53]}
{[%emt 00:02:01]} Rg7 {[%clk 00:50:56]} {[%emt 00:00:23]} 27. Rxg7+ {[%clk
00:54:48]} {[%emt 00:00:35]} Qxg7+ {[%clk 00:51:14]} {[%emt 00:00:11]} 28. Kf1
{[%clk 00:54:43]} {[%emt 00:00:36]} Qg3 {[%clk 00:51:12]} {[%emt 00:00:32]} 29.
Qc3 {[%clk 00:54:07]} {[%emt 00:01:06]} e3 {[%clk 00:51:27]} {[%emt 00:00:15]}
30. Nf3 {[%clk 00:53:31]} {[%emt 00:01:06]} Qf2# {[%clk 00:51:42]} {[%emt
00:00:15]} 0-1

[Event "DVM U16 2021"]
[Site "Kiel GER"]
[Date "2022.07.23"]
[Round "2"]
[White "Bui, Bao Anh Le"]
[Black "Korchynskyi, Mykola"]
[Result "1-0"]
[Termination "normal"]
[Board "1.1"]
[WhiteElo "2109"]
[BlackElo "1711"]
[WhiteClock "00:27:34"]
[BlackClock "00:04:10"]
[WhiteTeam "SV Mattnetz Berlin e.V."]
[BlackTeam "Schachfreunde Essen-Katernberg 04/32 e. V."]
[PlyCount "85"]
[WhiteFideId "12970719"]
[BlackFideId "34138005"]
[EventCountry "GER"]
[EventRounds "7"]
[EventType "team-swiss"]
[EventDate "2022.07.22"]

1. e4 {[%clk 01:30:47]} {[%emt 00:00:11]} e6 {[%clk 01:30:40]} {[%emt
00:00:20]} 2. d4 {[%clk 01:30:48]} {[%emt 00:00:29]} d5 {[%clk 01:30:54]}
{[%emt 00:00:16]} 3. Nc3 {[%clk 01:30:50]} {[%emt 00:00:28]} dxe4 {[%clk
01:30:46]} {[%emt 00:00:39]} 4. Nxe4 {[%clk 01:31:13]} {[%emt 00:00:07]} Nd7
{[%clk 01:30:54]} {[%emt 00:00:22]} 5. Nf3 {[%clk 01:31:24]} {[%emt 00:00:19]}
Ngf6 {[%clk 01:31:00]} {[%emt 00:00:23]} 6. Bg5 {[%clk 01:30:58]} {[%emt
00:00:56]} Be7 {[%clk 01:31:12]} {[%emt 00:00:19]} 7. Nxf6+ {[%clk 01:31:07]}
{[%emt 00:00:22]} Nxf6 {[%clk 01:31:05]} {[%emt 00:00:37]} 8. Bd3 {[%clk
01:30:35]} {[%emt 00:01:02]} c5 {[%clk 01:28:02]} {[%emt 00:03:33]} 9. O-O
{[%clk 01:24:25]} {[%emt 00:06:39]} cxd4 {[%clk 01:18:20]} {[%emt 00:10:14]}
10. Nxd4 {[%clk 01:19:07]} {[%emt 00:05:48]} h6 {[%clk 01:12:42]} {[%emt
00:06:08]} 11. Bh4 {[%clk 01:18:04]} {[%emt 00:01:33]} O-O {[%clk 01:12:27]}
{[%emt 00:00:45]} 12. c3 {[%clk 01:16:02]} {[%emt 00:02:32]} b6 {[%clk
00:49:37]} {[%emt 00:23:20]} 13. Nc6 {[%clk 00:57:26]} {[%emt 00:19:06]} Qc7
{[%clk 00:48:26]} {[%emt 00:01:39]} 14. Qf3 {[%clk 00:54:14]} {[%emt 00:03:43]}
Bb7 {[%clk 00:46:43]} {[%emt 00:02:13]} 15. Nxe7+ {[%clk 00:54:37]} {[%emt
00:00:07]} Qxe7 {[%clk 00:47:08]} {[%emt 00:00:05]} 16. Bxf6 {[%clk 00:54:56]}
{[%emt 00:00:11]} gxf6 {[%clk 00:47:32]} {[%emt 00:00:05]} 17. Qg4+ {[%clk
00:55:20]} {[%emt 00:00:06]} Kh8 {[%clk 00:47:57]} {[%emt 00:00:05]} 18. Qh4
{[%clk 00:51:51]} {[%emt 00:03:58]} Kg7 {[%clk 00:48:22]} {[%emt 00:00:06]} 19.
Rae1 {[%clk 00:49:27]} {[%emt 00:02:53]} Rad8 {[%clk 00:45:55]} {[%emt
00:02:57]} 20. Re3 {[%clk 00:40:05]} {[%emt 00:09:52]} Rd5 {[%clk 00:45:24]}
{[%emt 00:01:00]} 21. Be4 {[%clk 00:39:28]} {[%emt 00:01:08]} Re5 {[%clk
00:40:15]} {[%emt 00:05:38]} 22. f4 {[%clk 00:17:19]} {[%emt 00:22:39]} Rxe4
{[%clk 00:38:33]} {[%emt 00:02:13]} 23. Rg3+ {[%clk 00:17:10]} {[%emt
00:00:38]} Kh7 {[%clk 00:38:58]} {[%emt 00:00:06]} 24. Qg4 {[%clk 00:17:24]}
{[%emt 00:00:16]} Qc5+ {[%clk 00:35:41]} {[%emt 00:03:47]} 25. Kh1 {[%clk
00:17:37]} {[%emt 00:00:17]} Qg5 {[%clk 00:35:49]} {[%emt 00:00:22]} 26. fxg5
{[%clk 00:17:55]} {[%emt 00:00:13]} Rxg4 {[%clk 00:36:13]} {[%emt 00:00:05]}
27. Rxg4 {[%clk 00:18:19]} {[%emt 00:00:06]} fxg5 {[%clk 00:36:32]} {[%emt
00:00:11]} 28. Rd4 {[%clk 00:18:42]} {[%emt 00:00:07]} Bc6 {[%clk 00:35:46]}
{[%emt 00:01:15]} 29. c4 {[%clk 00:16:44]} {[%emt 00:02:28]} Kg7 {[%clk
00:32:33]} {[%emt 00:03:44]} 30. b4 {[%clk 00:14:28]} {[%emt 00:02:45]} b5
{[%clk 00:32:02]} {[%emt 00:01:01]} 31. Rd6 {[%clk 00:13:06]} {[%emt 00:01:52]}
Rc8 {[%clk 00:32:14]} {[%emt 00:00:18]} 32. c5 {[%clk 00:13:13]} {[%emt
00:00:24]} Rc7 {[%clk 00:30:38]} {[%emt 00:02:06]} 33. Kg1 {[%clk 00:09:33]}
{[%emt 00:04:10]} Bd5 {[%clk 00:29:12]} {[%emt 00:01:56]} 34. Rf2 {[%clk
00:03:36]} {[%emt 00:06:27]} f5 {[%clk 00:27:55]} {[%emt 00:01:47]} 35. Rd2
{[%clk 00:02:39]} {[%emt 00:01:27]} Kf7 {[%clk 00:25:37]} {[%emt 00:02:48]} 36.
Kf2 {[%clk 00:02:57]} {[%emt 00:00:13]} Ke7 {[%clk 00:20:17]} {[%emt 00:05:50]}
37. Ke3 {[%clk 00:02:23]} {[%emt 00:01:04]} a5 {[%clk 00:17:04]} {[%emt
00:03:43]} 38. a3 {[%clk 00:02:35]} {[%emt 00:00:17]} axb4 {[%clk 00:15:35]}
{[%emt 00:01:59]} 39. axb4 {[%clk 00:03:03]} {[%emt 00:00:02]} Bc4 {[%clk
00:14:59]} {[%emt 00:01:07]} 40. Kd4 {[%clk 00:01:38]} {[%emt 00:01:55]} Kf6
{[%clk 00:10:56]} {[%emt 00:04:33]} 41. c6 {[%clk 00:00:50]} {[%emt 00:01:18]}
Bd5 {[%clk 00:04:35]} {[%emt 00:06:48]} 42. Kc5 {[%clk 00:00:37]} {[%emt
00:00:45]} Ke5 {[%clk 00:04:10]} {[%emt 00:00:56]} 43. R2xd5 {[%clk 00:27:34]}
{[%emt 00:03:33]} 1-0

[Event "DVM U16 2021"]
[Site "Kiel GER"]
[Date "2022.07.23"]
[Round "2"]
[White "Jahrke, Jonas"]
[Black "Röhr, Oliver"]
[Result "1-0"]
[Termination "normal"]
[Board "1.2"]
[WhiteElo "1725"]
[BlackElo "2088"]
[WhiteClock "00:16:01"]
[BlackClock "00:37:10"]
[WhiteTeam "Schachfreunde Essen-Katernberg 04/32 e. V."]
[BlackTeam "SV Mattnetz Berlin e.V."]
[PlyCount "119"]
[WhiteFideId "12984353"]
[BlackFideId "12987697"]
[EventCountry "GER"]
[EventRounds "7"]
[EventType "team-swiss"]
[EventDate "2022.07.22"]

1. Nf3 {[%clk 01:30:56]} {[%emt 00:00:04]} f5 {[%clk 01:30:58]} {[%emt
00:00:02]} 2. d4 {[%clk 01:30:49]} {[%emt 00:00:37]} Nf6 {[%clk 01:31:26]}
{[%emt 00:00:02]} 3. Bg5 {[%clk 01:30:47]} {[%emt 00:00:31]} e6 {[%clk
01:31:26]} {[%emt 00:00:30]} 4. Nbd2 {[%clk 01:30:37]} {[%emt 00:00:41]} Be7
{[%clk 01:31:32]} {[%emt 00:00:24]} 5. Bxf6 {[%clk 01:30:24]} {[%emt 00:00:43]}
Bxf6 {[%clk 01:32:00]} {[%emt 00:00:02]} 6. e4 {[%clk 01:30:37]} {[%emt
00:00:16]} O-O {[%clk 01:32:22]} {[%emt 00:00:08]} 7. Bd3 {[%clk 01:30:47]}
{[%emt 00:00:21]} d5 {[%clk 01:32:17]} {[%emt 00:00:35]} 8. exf5 {[%clk
01:30:50]} {[%emt 00:00:27]} exf5 {[%clk 01:32:33]} {[%emt 00:00:14]} 9. O-O
{[%clk 01:30:57]} {[%emt 00:00:23]} Nc6 {[%clk 01:31:20]} {[%emt 00:01:44]} 10.
c3 {[%clk 01:30:54]} {[%emt 00:00:33]} g5 {[%clk 01:30:31]} {[%emt 00:01:19]}
11. Ne1 {[%clk 01:14:46]} {[%emt 00:16:38]} g4 {[%clk 01:25:02]} {[%emt
00:05:58]} 12. f4 {[%clk 01:02:54]} {[%emt 00:12:22]} Be6 {[%clk 01:18:22]}
{[%emt 00:07:10]} 13. Bc2 {[%clk 00:59:06]} {[%emt 00:04:19]} h5 {[%clk
01:14:42]} {[%emt 00:04:11]} 14. Nd3 {[%clk 00:56:55]} {[%emt 00:02:40]} Kg7
{[%clk 01:11:50]} {[%emt 00:03:21]} 15. Re1 {[%clk 00:52:06]} {[%emt 00:05:19]}
Bg8 {[%clk 01:09:36]} {[%emt 00:02:43]} 16. Nf1 {[%clk 00:47:34]} {[%emt
00:05:02]} Ne7 {[%clk 01:05:31]} {[%emt 00:04:36]} 17. Ng3 {[%clk 00:40:39]}
{[%emt 00:07:25]} h4 {[%clk 01:02:09]} {[%emt 00:03:51]} 18. Nh5+ {[%clk
00:40:41]} {[%emt 00:00:29]} Kh6 {[%clk 01:01:13]} {[%emt 00:01:25]} 19. Nxf6
{[%clk 00:41:02]} {[%emt 00:00:10]} Rxf6 {[%clk 01:01:42]} {[%emt 00:00:02]}
20. Ne5 {[%clk 00:38:55]} {[%emt 00:02:37]} Be6 {[%clk 00:59:20]} {[%emt
00:02:52]} 21. Re3 {[%clk 00:32:30]} {[%emt 00:06:55]} Qg8 {[%clk 00:55:23]}
{[%emt 00:04:26]} 22. Qe1 {[%clk 00:30:48]} {[%emt 00:02:13]} Kh5 {[%clk
00:53:46]} {[%emt 00:02:06]} 23. Rd1 {[%clk 00:28:04]} {[%emt 00:03:15]} Ng6
{[%clk 00:44:49]} {[%emt 00:09:27]} 24. Nxg6 {[%clk 00:25:16]} {[%emt
00:03:18]} Qxg6 {[%clk 00:42:50]} {[%emt 00:02:29]} 25. Re5 {[%clk 00:23:57]}
{[%emt 00:01:49]} Re8 {[%clk 00:40:16]} {[%emt 00:03:04]} 26. Rd3 {[%clk
00:23:15]} {[%emt 00:01:12]} Bd7 {[%clk 00:37:38]} {[%emt 00:03:07]} 27. Rde3
{[%clk 00:20:59]} {[%emt 00:02:46]} Rxe5 {[%clk 00:35:47]} {[%emt 00:02:22]}
28. Rxe5 {[%clk 00:20:56]} {[%emt 00:00:33]} c6 {[%clk 00:31:39]} {[%emt
00:04:38]} 29. Bd1 {[%clk 00:17:11]} {[%emt 00:04:15]} Re6 {[%clk 00:21:43]}
{[%emt 00:10:25]} 30. h3 {[%clk 00:11:51]} {[%emt 00:05:51]} Rxe5 {[%clk
00:20:26]} {[%emt 00:01:47]} 31. Qxe5 {[%clk 00:11:38]} {[%emt 00:00:44]} Kh6
{[%clk 00:17:39]} {[%emt 00:03:17]} 32. Qh8+ {[%clk 00:10:59]} {[%emt
00:01:08]} Qh7 {[%clk 00:18:08]} {[%emt 00:00:02]} 33. Qf6+ {[%clk 00:10:46]}
{[%emt 00:00:44]} Qg6 {[%clk 00:18:31]} {[%emt 00:00:07]} 34. Qxh4+ {[%clk
00:10:51]} {[%emt 00:00:25]} Kg7 {[%clk 00:17:32]} {[%emt 00:01:29]} 35. Qe7+
{[%clk 00:10:45]} {[%emt 00:00:36]} Qf7 {[%clk 00:17:54]} {[%emt 00:00:09]} 36.
Qxf7+ {[%clk 00:08:13]} {[%emt 00:03:02]} Kxf7 {[%clk 00:18:21]} {[%emt
00:00:01]} 37. hxg4 {[%clk 00:08:20]} {[%emt 00:00:24]} fxg4 {[%clk 00:18:50]}
{[%emt 00:00:01]} 38. Kf2 {[%clk 00:07:37]} {[%emt 00:01:12]} Kg6 {[%clk
00:17:58]} {[%emt 00:01:21]} 39. Bc2+ {[%clk 00:07:03]} {[%emt 00:01:05]} Kh5
{[%clk 00:17:51]} {[%emt 00:00:36]} 40. g3 {[%clk 00:05:09]} {[%emt 00:02:25]}
Kh6 {[%clk 00:15:47]} {[%emt 00:02:34]} 41. Ke3 {[%clk 00:05:25]} {[%emt
00:00:14]} Bc8 {[%clk 00:14:47]} {[%emt 00:01:30]} 42. Bd3 {[%clk 00:27:11]}
{[%emt 00:08:44]} Bd7 {[%clk 00:43:05]} {[%emt 00:02:12]} 43. c4 {[%clk
00:26:31]} {[%emt 00:01:10]} dxc4 {[%clk 00:41:18]} {[%emt 00:02:16]} 44. Bxc4
{[%clk 00:26:53]} {[%emt 00:00:09]} Kg6 {[%clk 00:41:33]} {[%emt 00:00:14]} 45.
b4 {[%clk 00:25:01]} {[%emt 00:02:23]} Kf6 {[%clk 00:39:58]} {[%emt 00:02:05]}
46. d5 {[%clk 00:24:48]} {[%emt 00:00:44]} Ke7 {[%clk 00:36:49]} {[%emt
00:03:39]} 47. Ke4 {[%clk 00:18:26]} {[%emt 00:06:52]} cxd5+ {[%clk 00:35:12]}
{[%emt 00:02:07]} 48. Bxd5 {[%clk 00:18:43]} {[%emt 00:00:13]} b6 {[%clk
00:35:32]} {[%emt 00:00:09]} 49. Ke5 {[%clk 00:17:09]} {[%emt 00:02:04]} a5
{[%clk 00:35:08]} {[%emt 00:00:55]} 50. a3 {[%clk 00:17:15]} {[%emt 00:00:25]}
Bb5 {[%clk 00:34:02]} {[%emt 00:01:35]} 51. f5 {[%clk 00:15:49]} {[%emt
00:01:56]} Bd3 {[%clk 00:34:21]} {[%emt 00:00:10]} 52. f6+ {[%clk 00:15:57]}
{[%emt 00:00:22]} Ke8 {[%clk 00:34:49]} {[%emt 00:00:02]} 53. Kf4 {[%clk
00:15:57]} {[%emt 00:00:29]} Be2 {[%clk 00:35:08]} {[%emt 00:00:11]} 54. Be6
{[%clk 00:16:07]} {[%emt 00:00:21]} axb4 {[%clk 00:35:31]} {[%emt 00:00:08]}
55. axb4 {[%clk 00:16:28]} {[%emt 00:00:08]} b5 {[%clk 00:35:39]} {[%emt
00:00:22]} 56. Bxg4 {[%clk 00:16:45]} {[%emt 00:00:13]} Bc4 {[%clk 00:36:08]}
{[%emt 00:00:02]} 57. Ke5 {[%clk 00:16:35]} {[%emt 00:00:40]} Kf7 {[%clk
00:36:26]} {[%emt 00:00:12]} 58. Bh5+ {[%clk 00:16:46]} {[%emt 00:00:18]} Kg8
{[%clk 00:36:51]} {[%emt 00:00:04]} 59. Bf3 {[%clk 00:15:54]} {[%emt 00:01:22]}
Kf8 {[%clk 00:37:10]} {[%emt 00:00:11]} 60. g4 {[%clk 00:16:01]} {[%emt
00:00:24]} 1-0

[Event "DVM U16 2021"]
[Site "Kiel GER"]
[Date "2022.07.23"]
[Round "2"]
[White "Ho, Ngoc Hai-Dang"]
[Black "Berresheim, Nils"]
[Result "1/2-1/2"]
[Termination "normal"]
[Board "1.3"]
[WhiteElo "1826"]
[BlackElo "1730"]
[WhiteClock "00:03:18"]
[BlackClock "00:34:29"]
[WhiteTeam "SV Mattnetz Berlin e.V."]
[BlackTeam "Schachfreunde Essen-Katernberg 04/32 e. V."]
[PlyCount "53"]
[WhiteFideId "16206509"]
[BlackFideId "16246306"]
[EventCountry "GER"]
[EventRounds "7"]
[EventType "team-swiss"]
[EventDate "2022.07.22"]

1. e4 {[%clk 01:30:57]} {[%emt 00:00:02]} c5 {[%clk 01:30:43]} {[%emt
00:00:17]} 2. Nf3 {[%clk 01:31:21]} {[%emt 00:00:06]} d6 {[%clk 01:31:03]}
{[%emt 00:00:11]} 3. d4 {[%clk 01:31:46]} {[%emt 00:00:06]} cxd4 {[%clk
01:31:23]} {[%emt 00:00:10]} 4. Nxd4 {[%clk 01:32:10]} {[%emt 00:00:05]} Nf6
{[%clk 01:31:45]} {[%emt 00:00:09]} 5. Nc3 {[%clk 01:32:34]} {[%emt 00:00:06]}
a6 {[%clk 01:32:04]} {[%emt 00:00:11]} 6. Bc4 {[%clk 01:32:48]} {[%emt
00:00:16]} e6 {[%clk 01:32:18]} {[%emt 00:00:16]} 7. Be3 {[%clk 01:32:50]}
{[%emt 00:00:28]} Nbd7 {[%clk 01:32:05]} {[%emt 00:00:41]} 8. Bxe6 {[%clk
01:25:05]} {[%emt 00:08:17]} fxe6 {[%clk 01:27:44]} {[%emt 00:04:51]} 9. Nxe6
{[%clk 01:25:28]} {[%emt 00:00:07]} Qa5 {[%clk 01:25:12]} {[%emt 00:03:01]} 10.
O-O {[%clk 01:22:48]} {[%emt 00:03:11]} Ne5 {[%clk 01:14:04]} {[%emt 00:11:37]}
11. Nxf8 {[%clk 01:07:06]} {[%emt 00:16:13]} Rxf8 {[%clk 01:11:00]} {[%emt
00:03:34]} 12. Qxd6 {[%clk 01:04:00]} {[%emt 00:03:36]} Nc4 {[%clk 01:09:32]}
{[%emt 00:01:57]} 13. Qd4 {[%clk 01:04:15]} {[%emt 00:00:15]} Nxe3 {[%clk
01:08:27]} {[%emt 00:01:35]} 14. fxe3 {[%clk 01:04:32]} {[%emt 00:00:14]} Be6
{[%clk 01:03:43]} {[%emt 00:05:13]} 15. Qd6 {[%clk 01:02:48]} {[%emt 00:02:14]}
Bc4 {[%clk 01:00:08]} {[%emt 00:04:04]} 16. Rf5 {[%clk 00:59:24]} {[%emt
00:03:55]} Qd8 {[%clk 00:58:05]} {[%emt 00:02:31]} 17. Qg3 {[%clk 00:47:10]}
{[%emt 00:12:46]} Rf7 {[%clk 00:54:06]} {[%emt 00:04:28]} 18. e5 {[%clk
00:31:14]} {[%emt 00:16:26]} Nd5 {[%clk 00:48:44]} {[%emt 00:05:51]} 19. Rxf7
{[%clk 00:26:48]} {[%emt 00:04:57]} Nxc3 {[%clk 00:42:52]} {[%emt 00:06:22]}
20. bxc3 {[%clk 00:26:39]} {[%emt 00:00:39]} Bxf7 {[%clk 00:41:46]} {[%emt
00:01:35]} 21. Qxg7 {[%clk 00:27:02]} {[%emt 00:00:08]} Rc8 {[%clk 00:37:07]}
{[%emt 00:05:08]} 22. Rf1 {[%clk 00:16:46]} {[%emt 00:10:47]} Qd7 {[%clk
00:33:49]} {[%emt 00:03:47]} 23. Qh8+ {[%clk 00:04:56]} {[%emt 00:12:21]} Ke7
{[%clk 00:34:13]} {[%emt 00:00:05]} 24. Qf6+ {[%clk 00:03:50]} {[%emt
00:01:36]} Ke8 {[%clk 00:34:17]} {[%emt 00:00:27]} 25. Qh8+ {[%clk 00:02:51]}
{[%emt 00:01:29]} Ke7 {[%clk 00:34:43]} {[%emt 00:00:03]} 26. Qf6+ {[%clk
00:03:18]} {[%emt 00:00:04]} Ke8 {[%clk 00:34:29]} {[%emt 00:00:44]} 27. Qh8+
{[%emt 00:00:05]} 1/2-1/2